Nueva coleccion de las cartas del Papa Clemente XIV (Ganganelli) en continuacion de los tres tomos antecedentes

Detalles Bibliográficos
Otros Autores: Caracciolo, Louis-Antoine marques de 1721-1803 (tr.), Nifo, Francisco Mariano 1719-1803 (tr.)
Formato: Libro
Lenguaje:Spanish
Publicado: en Madrid 1787
Edición:Tercera impresion
Materias:
Colección:Banco de datos
Acervo:Biblioteca de la Congregación del Oratorio de San Felipe Neri de México. Iglesia La Profesa
Descripción Física:t. 8°
Tema general:Pontífices
Notas:Portada tipográfica con plecas en grabado xilográfico. Texto a renglón seguido. Incluye cabecera de título en grabado xilográfico. Incluye capitular en grabado xilográfico. Tomo con portada y numeración propias. Año del t. 4 publicado en 1787. Paginación: t. 4 XXIV, 319 p. Encuadernación en piel sobre cartón. Sello en tinta del Oratorio de San Felipe Neri de México. Biblioteca La Profesa, D.F.
LEADER 01280nam a22002050004500
035 |a 2816 
041 0 |a spa 
245 1 0 |a Nueva coleccion de las cartas del Papa Clemente XIV (Ganganelli) en continuacion de los tres tomos antecedentes  |c traducidas de italiano y latin en francés por el Marques Caracciolo: y de francés en castellano por D. Francisco Mariano Nipho 
250 |a Tercera impresion 
260 |a en Madrid  |b por Miguel Escribano  |c 1787 
300 |a  t.  |c 8° 
500 |a Portada tipográfica con plecas en grabado xilográfico. Texto a renglón seguido. Incluye cabecera de título en grabado xilográfico. Incluye capitular en grabado xilográfico. Tomo con portada y numeración propias. Año del t. 4 publicado en 1787. Paginación: t. 4 XXIV, 319 p. Encuadernación en piel sobre cartón. Sello en tinta del Oratorio de San Felipe Neri de México. Biblioteca La Profesa, D.F. 
504 |a Índice de contenido 
650 1 0 |a Pontífices 
700 1 |a Caracciolo, Louis-Antoine  |c marques de  |d 1721-1803  |e tr. 
700 1 |a Nifo, Francisco Mariano  |d 1719-1803  |e tr. 
949 |a Iglesia La Profesa, Biblioteca t. 4 (5673) 
942 |c PROFESA 
943 |g Biblioteca de la Congregación del Oratorio de San Felipe Neri de México. Iglesia La Profesa 
999 |c 949627  |d 949627